New Places - Statistics

General Stats
  • This quiz has been taken 30 times
  • The average score is 14 of 15
Answer Stats
Description Place % Correct
Capital city of India, built to replace Calcutta as the capital of the British Raj New Delhi
100%
Cultural & historical region comprising six states in the Northeastern United States New England
100%
Easternmost province of Canada, in the Atlantic region, its capital is St. John's Newfoundland and Labrador
100%
State in the Mid-Atlantic region of the United States, its capital is Trenton New Jersey
100%
State in the Southwestern United States, its capital is Santa Fe New Mexico
100%
Most populous city in the US state of Louisiana, known as the Big Easy New Orleans
100%
Most populous city in the United States, known as the Big Apple New York City
100%
State in the Northeastern United States, its capital is Concord New Hampshire
96%
Island country in the southwestern Pacific Ocean, its capital is Wellington New Zealand
96%
Island of the French Southern and Antarctic Lands, named after a Dutch city New Amsterdam
93%
Most populous state in Australia, its capital is Sydney New South Wales
93%
Most populous city in North East England, on the River Tyne Newcastle
89%
One of the three Maritime provinces of Canada, its capital is Fredericton New Brunswick
85%
World's second-largest island, located in Melanesia (southwestern Pacific Ocean) New Guinea
85%
Special collectivity of France in the southwest Pacific Ocean, south of Vanuatu New Caledonia
74%
No matching quizzes found
Score Distribution
Percent of People with Each Score
Percentile by Number Answered
Your Score History
You have not taken this quiz